|
|
|
|
| LEADER |
01242nam a2200289 a 4500 |
| 001 |
32189 |
| 003 |
BD-DhAAL |
| 005 |
20191104100836.0 |
| 008 |
171010s2013 bg a b 000 0dbeno |
| 999 |
|
|
|c 38391
|d 38391
|
| 010 |
|
|
|a 93901705
|
| 020 |
|
|
|a 9789844143081
|
| 040 |
|
|
|a DLC
|c DLC
|d DLC
|d BD-DhAAL
|
| 050 |
0 |
0 |
|a DS395
|b .M59 1993
|
| 082 |
|
|
|a 954.9205092
|2 23
|
| 100 |
1 |
|
|a হাননান, মোহাম্মদ
|9 16323
|
| 245 |
1 |
0 |
|a শত্রুর চোখে বঙ্গবন্ধু /
|c মোহাম্মদ হাননান
|
| 246 |
|
|
|a Shatrur chokhe Bangabandhu (Bangabandhu through the eye of enemies)
|
| 260 |
|
|
|a ঢাকা :
|b অনিন্দ্য প্রকাশ,
|c ২০১৩
|
| 300 |
|
|
|a ১৫৮ পৃষ্ঠা :
|b চিত্র ;
|c ২২ সে.মি..
|
| 526 |
|
|
|a AAL
|
| 541 |
|
|
|e 32189
|
| 600 |
0 |
0 |
|a Mujibur Rahman,
|c Sheikh,
|d 1920-1975.
|9 16324
|
| 650 |
|
|
|a Bangladesh
|x Politics and government.
|9 22457
|
| 852 |
|
|
|a Ayesha Abed Library
|c General Stacks
|
| 942 |
|
|
|2 ddc
|c BK
|
| 952 |
|
|
|0 0
|1 0
|2 ddc
|4 0
|6 954_920509200000000_HAN
|7 0
|9 61458
|a BRACUL
|b BRACUL
|c BNC
|d 2017-10-04
|e বিভাস
|g 187.00
|l 1
|m 5
|o 954.9205092 HAN
|p 3010032189
|r 2022-10-20
|s 2022-09-15
|t 1
|v 220.00
|w 2017-10-04
|y BK
|